Welcome to CU Library Online Public Access Catalogue (OPAC)

Ogyakrom : (Record no. 425)

MARC details
000 -LEADER
fixed length control field 00508cam a22001577i 4500
001 - CONTROL NUMBER
control field 20376867
005 - DATE AND TIME OF LATEST TRANSACTION
control field 20241030202830.0
008 - FIXED-LENGTH DATA ELEMENTS--GENERAL INFORMATION
fixed length control field 180226e201710 gh 000 0 eng
020 ## - INTERNATIONAL STANDARD BOOK NUMBER
International Standard Book Number 9789988262181
Qualifying information Hardcover
050 00 - LIBRARY OF CONGRESS CALL NUMBER
Classification number MLCS 2018/30878 (P) / DT511
Item number .Y1 YAN
100 1# - MAIN ENTRY--PERSONAL NAME
Personal name Yankah, Kwesi.
245 10 - TITLE STATEMENT
Title Ogyakrom :
Remainder of title the missing pages of June 4th /
Statement of responsibility, etc. Kwesi Yankah.
300 ## - PHYSICAL DESCRIPTION
Extent xxxii, 310 pages ;
Dimensions 22 cm
500 ## - GENERAL NOTE
General note "Past writings of Kwesi Yankah published in the Standard at age 27."
942 ## - ADDED ENTRY ELEMENTS (KOHA)
Source of classification or shelving scheme Library of Congress Classification
Koha item type Books
Suppress in OPAC No
999 ## -
-- 425
-- 425
Holdings
Withdrawn status Lost status Source of classification or shelving scheme Damaged status Not for loan Collection Home library Current library Shelving location Date acquired Total checkouts Full call number Barcode Date last seen Copy number Price effective from Koha item type
    Library of Congress Classification     Non-fiction Law Library (Miotso) Law Library (Miotso) General stacks 10/30/2024   DT511.Y1 YAN llm00000354 10/30/2024 1 10/30/2024 Books
© 2023-2024 Copyright: Central University Libraries. All Rights Reserved | Created by: Mahone Tech Office